Discursos leidos ante la Real Academia de Bellas Artes de San Fernando en la recepción pública del Iltmo. Sr. D. Lorenzo Alvarez y Capra, el dia 24 de Junio de 1883. (Record no. 151438)

MARC details
000 -LEADER
campo de control de longitud fija 00961nam a2200205 i 4500
001 - NÚMERO DE CONTROL
campo de control 151438
003 - IDENTIFICADOR DE NÚMERO DE CONTROL
campo de control ES-MaACL
005 - FECHA Y HORA DE LA ÚLTIMA TRANSACCIÓN
campo de control 20250811112847.0
008 - DATOS DE LONGITUD FIJA--INFORMACIÓN GENERAL
campo de control de longitud fija 931025s1883 sp |||| | spa d
100 0# - ENTRADA PRINCIPAL--NOMBRE DE PERSONA
Nombre de persona Alvarez Capra, Lorenzo.
9 (RLIN) 20724
245 10 - MENCIÓN DEL TÍTULO
Título Discursos leidos ante la Real Academia de Bellas Artes de San Fernando en la recepción pública del Iltmo. Sr. D. Lorenzo Alvarez y Capra, el dia 24 de Junio de 1883.
260 ## - PUBLICACIÓN, DISTRIBUCIÓN, ETC.
Lugar de publicación, distribución, etc. Madrid :
Nombre del editor, distribuidor, etc. [s.n.],
Fecha de publicación, distribución, etc. 1883 (
Fabricante Imprenta y Fundición de Manuel Tello)
300 ## - DESCRIPCIÓN FÍSICA
Extensión 39 p. ;
Dimensiones 27 cm.
490 1# - MENCIÓN DE SERIE
Mención de serie Discursos leídos en la Real Academia de Bellas Artes de San Fernando
505 8# - NOTA DE CONTENIDO CON FORMATO
Nota de contenido con formato Contestación de Simeón Avalos, p.23
700 11 - ENTRADA AGREGADA--NOMBRE PERSONAL
Nombre de persona Ávalos, Simeón (
Fechas asociadas al nombre 1829-1904)
9 (RLIN) 134072
830 00 - PUNTO DE ACCESO ADICIONAL DE SERIE-TÍTULO UNIFORME
Título uniforme Discursos leídos ante la Real Academia de Bellas Artes de San Fernando
9 (RLIN) 221416
852 ## - LOCALIZACIÓN
Ubicación ES-MaACL
Número de control de estantería F-M-III-N (1883)
Nota libre -- Enc. pasta española
-- -- Enc. en un vol. facticio
Holdings
Estatus retirado Estado de pérdida Estado de daño No para préstamo Colección Biblioteca de origen Biblioteca actual Ubicación en estantería Fecha de adquisición Fuente de adquisición Total de préstamos Signatura topográfica completa Código de barras Visto por última vez Precio de reemplazo Tipo de ítem Koha
        Libros del s. XIX Biblioteca del Ateneo de Madrid Biblioteca del Ateneo de Madrid Administración 17/01/2008     F-M-III-N (1883) 1158007 23/02/2023 23/02/2023 Libro impreso antiguo